Vliv vzdělávání manažerů na uplatňování principů společenské odpovědnosti ve firmách

Zmenám potrieb spoločnosti sa prispôsobuje aj vzdelávanie manažérov. Utváranie sociálne zrelého manažéra. Podstata spoločenskej zodpovednosti. Uplatnenie sociálnej zrelosti v praxi. Vzdelávanie má bezpochyby vplyv na pripravenosť ľudí na manažérsku prax.

Salvato in:
Dettagli Bibliografici
Autore principale: Rajošová, Veronika
Natura: Capitolo di libro
Lingua:ceco
Soggetti:
Tags: Aggiungi Tag
Nessun Tag, puoi essere il primo ad aggiungerne!!

MARC

LEADER 00000naa$a2200000$$$4500
001 0045069
005 20221207085012.0
041 0 |a cze 
044 |a SK 
245 1 0 |a Vliv vzdělávání manažerů na uplatňování principů společenské odpovědnosti ve firmách  |c Veronika Rajošová 
520 |a Zmenám potrieb spoločnosti sa prispôsobuje aj vzdelávanie manažérov. Utváranie sociálne zrelého manažéra. Podstata spoločenskej zodpovednosti. Uplatnenie sociálnej zrelosti v praxi. Vzdelávanie má bezpochyby vplyv na pripravenosť ľudí na manažérsku prax. 
610 2 0 |a manažéri 
610 2 0 |a osobnosť 
610 2 0 |a vzdelávanie 
610 2 0 |a vzdelávanie celoživotné 
610 2 0 |a zodpovednosť spoločenská 
100 1 |a Rajošová, Veronika